Statistiche per Nomi maschili più diffusi con la E

Clicka qui per fare il quiz!

Statistiche generali

  • Questo quiz è stato fatto 411 volte
  • Il punteggio medio è 8 su 15

Statistiche sulle risposte

# PersoneNome% Corretto
209.832Enrico
76%
36.830Edoardo
73%
67.375Emanuele
70%
56.996Ettore
67%
20.637Elia
60%
76.480Ernesto
56%
112.811Emilio
55%
82.498Elio
54%
114.313Enzo
53%
46.865Egidio
43%
77.229Eugenio
41%
58.179Ezio
41%
11.866Emiliano
34%
14.853Ercole
33%
31.642Ermanno
33%

Distribuzione punteggi

Percentile per numero di risposta

Percentuale di utenti per punteggio

I tuoi punteggi nel tempo

Non hai fatto questo quiz